000 01148cam a2200337 a 4500
001 6313
003 FISKH
005 20250410111816.0
008 900425s1991 nyua j 000 1 eng
010 _a 90037377
020 _a0803709315
020 _a9780140558364
020 _a0803709323 (lib. bdg.)
040 _aDLC
_cDLC
_dDLC
_beng
050 _aPZ7.M16765
082 _a305.897
100 2 _aMacGill-Callahan, Sheila
245 1 0 _aAnd still the turtle watched /
_cby Sheila MacGill-Callahan ; pictures by Barry Moser.
260 _aNew York :
_bDial Books for Young Readers,
_c1991.
300 _a30 unnumbered pages :
_bcolor illustrations ;
_c26 cm
505 _aM
520 _aA turtle carved in rock on a bluff over the Hudson River by Indians long ago watches with sadness the changes man brings over the years.
521 8 _a530
_bLexile AD
521 8 _aM
_bRaz-Plus
650 1 _aTurtles
_xFiction.
650 1 _aNature
_xEffect of human beings on
_xFiction.
700 1 _aMoser, Barry,
_eillustrator
906 _a7
_bcbc
_corignew
_d1
_eocip
_f19
_gy-gencatlg
942 _2ddc
_cBK
_n0
999 _c6313
_d6313